|
|
|
|
| LEADER |
01087nam a2200277 a 4500 |
| 001 |
11829813 |
| 003 |
BD-DhAAL |
| 005 |
20230618103617.0 |
| 008 |
111017s2000 enk b 001 0 eng |
| 010 |
|
|
|a 99056966
|
| 020 |
|
|
|a 0335202705 (PB)
|
| 020 |
|
|
|a 0335202713 (HB)
|
| 040 |
|
|
|a DLC
|c DLC
|d DLC
|d BD-DhAAL
|
| 082 |
0 |
0 |
|a 302.23/086/93
|2 21
|
| 245 |
0 |
0 |
|a Ethnic minorities and the media :
|b changing cultural boundaries /
|c edited by Simon Cottle.
|
| 260 |
|
|
|a Buckingham ;
|a Philadelphia :
|b Open University Press,
|c 2000.
|
| 300 |
|
|
|a xii, 251 pages ;
|c 23 cm.
|
| 490 |
0 |
|
|a Issues in cultural and media studies
|
| 504 |
|
|
|a Includes bibliographical references (p. [221]-241) and index.
|
| 541 |
|
|
|e 23715
|
| 650 |
|
0 |
|a Mass media and minorities.
|9 54719
|
| 700 |
1 |
|
|a Cottle, Simon,
|d 1956-
|9 17830
|
| 852 |
1 |
|
|a Ayesha Abed Library
|c General shelf.
|
| 942 |
|
|
|2 ddc
|c BK
|
| 999 |
|
|
|c 11333
|d 11333
|
| 952 |
|
|
|0 0
|1 0
|2 ddc
|4 0
|6 302_230869300000000_ETH
|7 0
|9 18427
|a BIGD
|b BIGD
|c GEN
|d 2011-10-18
|e BDI
|l 0
|o 302.2308693 ETH
|p 3050023715
|r 2011-10-18
|t 1
|w 2011-10-18
|y BK
|x Transferred from BDI to BIGD.
|